Bankovní záruky - právní forma zajištění závazků.

Význam bankových záruk v obchode, možnosti ich použitia a relevatné právne úpravy. Podmienky pre uzatváranie kúpnych zmlúv. Charakteristika bankových záruk a ich možné formy. Typy ručenia: akcesorické a abstraktné záruky. Platnosť a cézia bankových záruk, rôzne druhy záruk.

Saved in:
Bibliographic Details
Main Author: Čermáková, I.
Format: Book Chapter
Language:Czech
Subjects:
Tags: Add Tag
No Tags, Be the first to tag this record!

MARC

LEADER 00000naa a2200000 4500
001 r010307
005 20220831085153.1
041 0 |a cze 
044 |a [CS] 
245 1 0 |a Bankovní záruky - právní forma zajištění závazků.  |c I. Čermáková 
520 |a Význam bankových záruk v obchode, možnosti ich použitia a relevatné právne úpravy. Podmienky pre uzatváranie kúpnych zmlúv. Charakteristika bankových záruk a ich možné formy. Typy ručenia: akcesorické a abstraktné záruky. Platnosť a cézia bankových záruk, rôzne druhy záruk. 
610 2 0 |a záruka 
610 2 0 |a banky 
610 2 0 |a zabezpečenie záväzkov 
610 2 0 |a predpisy právne 
610 2 0 |a zmluvy kúpne 
610 2 0 |a záväzky 
610 2 0 |a obchod 
100 1 |a Čermáková, I.